000 00339 a2200157 4500
001 59829
020 _a3907055446
040 _cAnchieta - Pituba
100 _aBalzer, Jens
240 1 0 _aSalut, deleuze !
_lpor
245 1 0 _aSalut, deleuze !
300 _a49
362 0 _a2000
650 4 _aLiteratura juvenil em alemão
942 _cBK
999 _c59829
_d59829